000 00501nam a2200181Ia 4500
005 20250609131425.0
008 008 250516s9999 xx 000 0 eng d
020 _a9780674293991
040 _beng
_cSDCL
041 _aeng
_2eng
084 _aV2:3(Q)'P R3
100 _aNair, Neeti
245 0 _aHurt sentiments :
_bSecularism and belonging in South Asia
260 _aCambridge :
_bHarvard University Press,
_c2023.
300 _a333P.
650 _aPolitical Science
942 _cTEXL
_2CC
999 _c1429047
_d1429047